[Event "POL-chT 2nd div North"]
[Site "Lublin"]
[Date "1999.??.??"]
[Round "8"]
[White "Lobejko, Rafal"]
[Black "Mazul, Waldemar"]
[Result "1-0"]
[WhiteElo "2370"]
[BlackElo "2305"]
[PlyCount "33"]
[EventDate "1999.09.11"]
[EventType "team-swiss"]
[EventRounds "8"]
[EventCountry "POL"]
[SourceTitle "EXT 2003"]
[Source "ChessBase"]
[SourceDate "2002.11.25"]
[SourceVersion "1"]
[SourceVersionDate "2002.11.25"]
[SourceQuality "1"]
[WhiteTeam "Lublin AZS UMCS"]
[BlackTeam "POL-chT 2nd div North 3"]
[WhiteTeamCountry "POL"]
[BlackTeamCountry "POL"]

1. Nf3 c5 2. g3 b6 3. Bg2 Bb7 4. 0-0 Nf6 5. d3 g6 6. e4 d6 7. Nh4 Nc6 8. f4 Qc7 9. Nc3 Bg7 10. Bd2 e6 11. Nb5 Qd7 12. e5 Nd5 13. Nxd6+ Kd8 14. c4 Ndb4 15. a3 Na6 16. b4 Nab8 17. Nxb7+ 1-0

[Event "POL-chT 53rd"]
[Site "Krynica"]
[Date "1997.09.29"]
[Round "5"]
[White "Goj, Artur"]
[Black "Mazul, Waldemar"]
[Result "1-0"]
[WhiteElo "2330"]
[BlackElo "2295"]
[PlyCount "85"]
[EventDate "1997.09.25"]
[EventType "team-tourn"]
[EventRounds "11"]
[EventCountry "POL"]
[SourceTitle "EXT 2019"]
[Source "ChessBase"]
[SourceDate "2018.10.10"]
[SourceVersion "1"]
[SourceVersionDate "2018.10.10"]
[SourceQuality "1"]
[WhiteTeam "Bukowno Czarny Kon"]
[BlackTeam "Gdansk Gedania"]
[WhiteTeamCountry "POL"]
[BlackTeamCountry "POL"]

1. d4 Nf6 2. c4 e6 3. g3 Bb4+ 4. Nd2 d5 5. Bg2 0-0 6. Ngf3 c5 7. 0-0 cxd4 8. Nxd4 e5 9. Nc2 Bxd2 10. Bxd2 dxc4 11. Bb4 Qxd1 12. Rfxd1 Re8 13. Ne3 Nc6 14. Bxc6 bxc6 15. Nxc4 Nd5 16. Bc5 Ba6 17. Rac1 e4 18. Kf1 Bc8 19. Bd4 Re6 20. Ne5 Bb7 21. Nd7 Re7 22. Nc5 Bc8 23. Nb3 Bd7 24. Rc5 Be8 25. Rdc1 Re6 26. Ra5 Re7 27. Rac5 Re6 28. Ra5 Re7 29. Bc5 Rb7 30. Rc4 f5 31. Rca4 Bf7 32. Rxa7 Rbxa7 33. Rxa7 Rxa7 34. Bxa7 Nb4 35. Nd4 Bxa2 36. Nxf5 g6 37. Nd6 Bd5 38. Ke1 Kg7 39. Bd4+ Kg8 40. Kd2 Kf8 41. Bc5 Na6 42. Ba3 c5 43. Ke3 1-0

[Event "POL-chT 53rd"]
[Site "Krynica"]
[Date "1997.09.28"]
[Round "4"]
[White "Mazul, Waldemar"]
[Black "Lupkowski, Edward"]
[Result "1/2-1/2"]
[WhiteElo "2295"]
[BlackElo "2305"]
[PlyCount "150"]
[EventDate "1997.09.25"]
[EventType "team-tourn"]
[EventRounds "11"]
[EventCountry "POL"]
[SourceTitle "EXT 2019"]
[Source "ChessBase"]
[SourceDate "2018.10.10"]
[SourceVersion "1"]
[SourceVersionDate "2018.10.10"]
[SourceQuality "1"]
[WhiteTeam "Gdansk Gedania"]
[BlackTeam "Legnica Miedz"]
[WhiteTeamCountry "POL"]
[BlackTeamCountry "POL"]

1. Nf3 c5 2. e4 d6 3. Bb5+ Bd7 4. Bxd7+ Qxd7 5. 0-0 Nc6 6. c3 Nf6 7. Re1 e6 8. d4 cxd4 9. Nxd4 Be7 10. Nd2 0-0 11. Nf1 Rac8 12. Ng3 Nxd4 13. Qxd4 b5 14. Bg5 Rc5 15. e5 Rd5 16. exf6 Rxd4 17. fxe7 Rc8 18. cxd4 h6 19. Bf4 d5 20. Rac1 Rxc1 21. Rxc1 Qxe7 22. a3 Qf6 23. Be5 Qg6 24. h3 Qd3 25. Rc8+ Kh7 26. Rc7 Kg6 27. Kh2 a5 28. f4 b4 29. axb4 axb4 30. Bd6 Qxd4 31. Rb7 Qxb2 32. Rxb4 Qf2 33. f5+ exf5 34. Rf4 Qb6 35. Nxf5 d4 36. Be5 f6 37. Bxd4 Qc7 38. g3 Qc2+ 39. Rf2 Qe4 40. Bc5 Qc4 41. Bf8 Qf7 42. Bc5 Qc4 43. Be3 h5 44. Nh4+ Kh7 45. Ng2 Qe4 46. h4 Qd3 47. Rd2 Qc3 48. Rd5 Kg6 49. Nf4+ Kf7 50. Rd7+ Ke8 51. Re7+ Kf8 52. Bc5 Kg8 53. Ne6 Qb2+ 54. Kg1 Qb1+ 55. Kg2 Qc2+ 56. Kf3 Qf5+ 57. Ke3 Qe5+ 58. Kd2 Qb2+ 59. Kd3 Qb3+ 60. Kd4 Qd1+ 61. Kc4 Qa4+ 62. Kd5 Qa8+ 63. Kd6 Qa6+ 64. Kc7 Qa5+ 65. Kb7 Qb5+ 66. Bb6 Qd5+ 67. Ka7 g6 68. Bc5 Qa2+ 69. Kb8 Qb3+ 70. Kc8 Qc4 71. Kd7 Qb5+ 72. Kd6 Qd3+ 73. Bd4 Qa6+ 74. Kd7 Qb5+ 75. Kd6 Qa6+ 1/2-1/2

[Event "POL-chT 53rd"]
[Site "Krynica"]
[Date "1997.09.27"]
[Round "3"]
[White "Spisak, Czeslaw"]
[Black "Mazul, Waldemar"]
[Result "0-1"]
[WhiteElo "2320"]
[BlackElo "2295"]
[PlyCount "106"]
[EventDate "1997.09.25"]
[EventType "team-tourn"]
[EventRounds "11"]
[EventCountry "POL"]
[SourceTitle "EXT 2019"]
[Source "ChessBase"]
[SourceDate "2018.10.10"]
[SourceVersion "1"]
[SourceVersionDate "2018.10.10"]
[SourceQuality "1"]
[WhiteTeam "Bielsko-Biala Wlokniarz"]
[BlackTeam "Gdansk Gedania"]
[WhiteTeamCountry "POL"]
[BlackTeamCountry "POL"]

1. e4 c5 2. Nf3 Nc6 3. d4 cxd4 4. Nxd4 g6 5. c4 Bg7 6. Be3 Nf6 7. Nc3 0-0 8. Be2 b6 9. 0-0 Bb7 10. f3 Rc8 11. Rc1 Nxd4 12. Bxd4 Bh6 13. Rc2 Nh5 14. Re1 Bc6 15. Bf1 f5 16. e5 Ng7 17. b4 Ne6 18. Bf2 Kh8 19. b5 Bb7 20. a4 Nc5 21. a5 bxa5 22. Ra2 a6 23. Na4 Nxa4 24. Qxa4 axb5 25. cxb5 Bd5 26. Raa1 e6 27. Red1 Bg7 28. Bd4 Ra8 29. b6 Qb8 30. Qxd7 Bxe5 31. Bxe5+ Qxe5 32. b7 Ra7 33. Qb5 Rxb7 34. Qxa5 Qe3+ 35. Kh1 Rfb8 36. Qe1 Qxe1 37. Rxe1 Kg7 38. Kg1 Kf6 39. Rad1 Rb2 40. Re2 g5 41. Red2 h5 42. Be2 R8b4 43. h3 h4 44. Kf1 Ke5 45. Kf2 Kf4 46. Bf1 Bb7 47. Kg1 e5 48. Rd7 Ra2 49. Rc1 Rbb2 50. Rf7 Ba6 51. Bxa6 Rxg2+ 52. Kf1 Raf2+ 53. Ke1 Kg3 0-1

[Event "POL-chT 52nd"]
[Site "Augustow"]
[Date "1996.12.06"]
[Round "10"]
[White "Sznapik, Krzysztof"]
[Black "Mazul, Waldemar"]
[Result "1-0"]
[WhiteElo "2215"]
[BlackElo "2300"]
[PlyCount "79"]
[EventDate "1996.11.27"]
[EventType "team-tourn"]
[EventRounds "11"]
[EventCountry "POL"]
[SourceTitle "EXT 2019"]
[Source "ChessBase"]
[SourceDate "2018.10.10"]
[SourceVersion "1"]
[SourceVersionDate "2018.10.10"]
[SourceQuality "1"]
[WhiteTeam "Warszawa Maraton"]
[BlackTeam "Gdansk Gedania"]
[WhiteTeamCountry "POL"]
[BlackTeamCountry "POL"]

1. e4 c5 2. Nf3 g6 3. h4 h5 4. Bc4 Bg7 5. Nc3 Nc6 6. d3 d6 7. a4 a6 8. Ng5 Nh6 9. Bf4 Nd4 10. Qd2 Bd7 11. a5 Nc6 12. Nd5 Ne5 13. Bxe5 Bxe5 14. c3 Bc6 15. Nb6 Ra7 16. Rh3 Bd7 17. Rf3 e6 18. d4 cxd4 19. cxd4 Bg7 20. Qb4 0-0 21. Qxd6 Bb5 22. Qxd8 Rxd8 23. d5 Bxc4 24. Nxc4 exd5 25. Rd1 Raa8 26. exd5 Rac8 27. b3 Nf5 28. g3 Nd4 29. Rxf7 Nxb3 30. Rxg7+ Kxg7 31. Ne6+ Kf7 32. Nxd8+ Rxd8 33. Rb1 Nc5 34. Rb6 Kg7 35. Ne3 Rd7 36. f3 Kf7 37. Kd2 Rc7 38. Nc4 Kg7 39. Nb2 Nd7 40. d6 1-0

[Event "POL-chT 52nd"]
[Site "Augustow"]
[Date "1996.12.04"]
[Round "8"]
[White "Mazul, Waldemar"]
[Black "Jedryczka, Krystian"]
[Result "0-1"]
[WhiteElo "2300"]
[BlackElo "2200"]
[PlyCount "58"]
[EventDate "1996.11.27"]
[EventType "team-tourn"]
[EventRounds "11"]
[EventCountry "POL"]
[SourceTitle "EXT 2019"]
[Source "ChessBase"]
[SourceDate "2018.10.10"]
[SourceVersion "1"]
[SourceVersionDate "2018.10.10"]
[SourceQuality "1"]
[WhiteTeam "Gdansk Gedania"]
[BlackTeam "Plock PTSz"]
[WhiteTeamCountry "POL"]
[BlackTeamCountry "POL"]

1. Nf3 Nf6 2. c4 g6 3. g3 Bg7 4. Bg2 d6 5. d4 0-0 6. 0-0 Nbd7 7. Nc3 e5 8. Qc2 Re8 9. Rd1 c6 10. e4 exd4 11. Nxd4 a5 12. b3 Nc5 13. Bb2 Qb6 14. Rab1 a4 15. h3 axb3 16. axb3 Nh5 17. Nce2 Ra2 18. Ra1 Rxb2 19. Qxb2 Nxe4 20. Qc2 Nexg3 21. fxg3 Rxe2 22. Qxe2 Bxd4+ 23. Kh2 Be5 24. Ra8 Nxg3 25. Rxc8+ Kg7 26. Qxe5+ dxe5 27. Rd7 Ne2 28. Rd1 Qxb3 29. Rcd8 Qxc4 0-1

[Event "POL-chT 52nd"]
[Site "Augustow"]
[Date "1996.11.28"]
[Round "2"]
[White "Mazul, Waldemar"]
[Black "Korpalski, Robert"]
[Result "1-0"]
[WhiteElo "2300"]
[BlackElo "2185"]
[PlyCount "121"]
[EventDate "1996.11.27"]
[EventType "team-tourn"]
[EventRounds "11"]
[EventCountry "POL"]
[SourceTitle "EXT 2019"]
[Source "ChessBase"]
[SourceDate "2018.10.10"]
[SourceVersion "1"]
[SourceVersionDate "2018.10.10"]
[SourceQuality "1"]
[WhiteTeam "Gdansk Gedania"]
[BlackTeam "Wroclaw Hetman"]
[WhiteTeamCountry "POL"]
[BlackTeamCountry "POL"]

1. Nf3 Nf6 2. c4 g6 3. g3 Bg7 4. Bg2 0-0 5. d4 d6 6. 0-0 Nbd7 7. Nc3 e5 8. Qc2 Re8 9. Rd1 c6 10. e4 exd4 11. Nxd4 Ng4 12. h3 Nge5 13. Nce2 Nc5 14. Be3 a5 15. Nxc6 bxc6 16. Bxc5 Be6 17. Nf4 Qf6 18. Nxe6 Qxe6 19. Rxd6 Qxc4 20. Rc1 Qxc2 21. Rxc2 Bf8 22. Rd4 Rad8 23. Rxd8 Rxd8 24. Bxf8 Rd1+ 25. Kh2 Kxf8 26. b3 Ke7 27. f4 Nd3 28. e5 Ne1 29. Re2 Nxg2 30. Kxg2 Ke6 31. Kf3 Rd3+ 32. Re3 Rd2 33. a4 Kd5 34. Rc3 h5 35. g4 h4 36. Ke3 Rh2 37. Rd3+ Kc5 38. Ke4 Re2+ 39. Re3 Rh2 40. f5 gxf5+ 41. gxf5 Rf2 42. Rc3+ Kb6 43. Rd3 Re2+ 44. Re3 Rf2 45. e6 fxe6 46. fxe6 Kc7 47. Rd3 Rf1 48. Ke5 Re1+ 49. Kf6 Rf1+ 50. Kg7 Re1 51. Kf7 Rf1+ 52. Ke8 Rf6 53. e7 Rf5 54. Rd7+ Kc8 55. Rd4 Rh5 56. Rf4 Kc7 57. Kf7 Rh7+ 58. Ke6 Rh6+ 59. Rf6 Rh8 60. Rf8 Rh6+ 61. Ke5 1-0

[Event "Poznan op"]
[Site "Poznan"]
[Date "1996.??.??"]
[Round "3"]
[White "Mazul, Waldemar"]
[Black "Brus, Tomasz"]
[Result "1-0"]
[WhiteElo "2300"]
[BlackElo "2170"]
[PlyCount "52"]
[EventDate "1996.??.??"]
[EventType "swiss"]
[EventRounds "9"]
[EventCountry "POL"]
[SourceTitle "EXT 2006"]
[Source "ChessBase"]
[SourceDate "2005.11.24"]
[SourceVersion "1"]
[SourceVersionDate "2005.11.24"]
[SourceQuality "1"]

1. Nf3 Nf6 2. c4 g6 3. g3 Bg7 4. Bg2 0-0 5. d4 d6 6. 0-0 c5 7. Nc3 Nc6 8. h3 a6 9. Be3 cxd4 10. Nxd4 Bd7 11. Rc1 Rc8 12. b3 Nxd4 13. Bxd4 Bc6 14. e4 b5 15. cxb5 axb5 16. b4 Qd7 17. Qe2 e5 18. Be3 Qb7 19. Qd3 Ne8 20. Rfd1 f5 21. Nd5 Rf7 22. Qd2 Ra8 23. exf5 Ra6 24. fxg6 hxg6 25. Qc2 Qa8 26. Qxg6 Kh8 1-0

[Event "Poznan op"]
[Site "Poznan"]
[Date "1996.??.??"]
[Round "1"]
[White "Mazul, Waldemar"]
[Black "Jaloszynski, Tadeusz"]
[Result "1-0"]
[WhiteElo "2300"]
[BlackElo "1825"]
[PlyCount "67"]
[EventDate "1996.??.??"]
[EventType "swiss"]
[EventRounds "9"]
[EventCountry "POL"]
[SourceTitle "EXT 2006"]
[Source "ChessBase"]
[SourceDate "2005.11.24"]
[SourceVersion "1"]
[SourceVersionDate "2005.11.24"]
[SourceQuality "1"]

1. Nf3 d5 2. d4 e6 3. c4 Nf6 4. g3 Be7 5. Bg2 0-0 6. 0-0 c5 7. cxd5 exd5 8. dxc5 Bxc5 9. Qc2 Na6 10. a3 Re8 11. b4 Bf8 12. Bb2 Bg4 13. Nc3 Rc8 14. Qd3 Nc7 15. Rfd1 Qe7 16. Rac1 g6 17. Nd4 Rcd8 18. h3 Be6 19. Ndb5 Nxb5 20. Nxb5 Bf5 21. Qd4 Bg7 22. Nc7 Qxe2 23. Nxe8 Nxe8 24. Qd2 Qb5 25. Bxg7 Kxg7 26. Rc5 Qa4 27. Qc3+ Kg8 28. Rdxd5 Rxd5 29. Rxd5 Bd7 30. Qd4 Bc6 31. Rd8 Bxg2 32. Kxg2 Qc6+ 33. Kh2 h5 34. Qd7 1-0

[Event "Poznan op"]
[Site "Poznan"]
[Date "1996.??.??"]
[Round "5"]
[White "Mazul, Waldemar"]
[Black "Kuczewski, Marek"]
[Result "1-0"]
[WhiteElo "2300"]
[BlackElo "2155"]
[PlyCount "55"]
[EventDate "1996.??.??"]
[EventType "swiss"]
[EventRounds "9"]
[EventCountry "POL"]
[SourceTitle "EXT 2006"]
[Source "ChessBase"]
[SourceDate "2005.11.24"]
[SourceVersion "1"]
[SourceVersionDate "2005.11.24"]
[SourceQuality "1"]

1. Nf3 c5 2. e4 Nc6 3. Bb5 Nf6 4. Nc3 Nd4 5. e5 Nxb5 6. Nxb5 Nd5 7. 0-0 a6 8. c4 Nb4 9. Nc3 d6 10. a3 Nc6 11. exd6 Qxd6 12. b4 Bg4 13. h3 Bh5 14. g4 Bg6 15. bxc5 Qxc5 16. Nd5 Rc8 17. d4 Qa5 18. Qb3 b5 19. c5 Qd8 20. Nb6 Nxd4 21. Nxd4 Rxc5 22. Be3 e6 23. Nxe6 fxe6 24. Bxc5 Bxc5 25. Qxe6+ Qe7 26. Qc6+ Kf7 27. Qd5+ Kf8 28. Nd7+ 1-0

[Event "POL-chT 51st"]
[Site "Lubniewice"]
[Date "1995.09.??"]
[Round "11"]
[White "Cyborowski, Lukasz"]
[Black "Mazul, Waldemar"]
[Result "1/2-1/2"]
[WhiteElo "2210"]
[BlackElo "2335"]
[PlyCount "103"]
[EventDate "1995.09.14"]
[EventType "team-tourn"]
[EventRounds "11"]
[EventCountry "POL"]
[SourceTitle "EXT 2019"]
[Source "ChessBase"]
[SourceDate "2018.10.10"]
[SourceVersion "1"]
[SourceVersionDate "2018.10.10"]
[SourceQuality "1"]
[WhiteTeam "Legnica Miedz"]
[BlackTeam "Gdansk Gedania"]
[WhiteTeamCountry "POL"]
[BlackTeamCountry "POL"]

1. e4 c5 2. Nf3 g6 3. c3 Bg7 4. d4 Qc7 5. Be2 d6 6. 0-0 Nf6 7. e5 dxe5 8. Nxe5 0-0 9. Bf4 Qb6 10. Nc4 Qc6 11. Ne5 Qe4 12. Bg3 cxd4 13. Bf3 Qf5 14. cxd4 Ne4 15. Re1 Nxg3 16. hxg3 Rd8 17. Qb3 Bxe5 18. Rxe5 Qf6 19. Qe3 Nc6 20. Bxc6 bxc6 21. Nc3 Rb8 22. Ne4 Qg7 23. Rxe7 Be6 24. Nc5 Qf6 25. Nxe6 Qxe7 26. Nxd8 Qxd8 27. Qc3 Qd5 28. b3 Rd8 29. Rc1 a5 30. Qxc6 Qxd4 31. Qc4 Qe5 32. Qc2 Qd6 33. Qc3 Qa3 34. Qc2 Qb4 35. Kf1 Rd2 36. Qc4 Qd6 37. Qc8+ Kg7 38. Qc3+ Kh6 39. Qe3+ g5 40. Rc6 Rd1+ 41. Ke2 Qxc6 42. Kxd1 Qxg2 43. Qd4 Kg6 44. Qd3+ f5 45. Qa6+ Kh5 46. Qe2+ g4 47. Qe8+ Kg5 48. Qg8+ Kf6 49. Qf8+ Ke6 50. Qh6+ Ke5 51. Qg7+ Ke6 52. Qg8+ 1/2-1/2

[Event "Krynica op"]
[Site "Krynica"]
[Date "1995.??.??"]
[Round "7"]
[White "Murawski, Grzegorz"]
[Black "Mazul, Waldemar"]
[Result "1/2-1/2"]
[WhiteElo "2230"]
[BlackElo "2335"]
[PlyCount "60"]
[EventDate "1995.??.??"]
[EventType "swiss"]
[EventRounds "9"]
[EventCountry "POL"]
[SourceTitle "EXT 2004"]
[Source "ChessBase"]
[SourceDate "2003.11.25"]
[SourceVersion "1"]
[SourceVersionDate "2003.11.25"]
[SourceQuality "1"]

1. e4 c5 2. Nf3 g6 3. d4 Bg7 4. Nc3 cxd4 5. Nxd4 Nc6 6. Be3 Nf6 7. Bc4 0-0 8. Bb3 a5 9. a4 Ng4 10. Qxg4 Nxd4 11. Qg3 Nxb3 12. cxb3 Ra6 13. 0-0 d6 14. Nd5 Be6 15. Bg5 Bxd5 16. exd5 Bxb2 17. Rab1 Bg7 18. Qd3 Qd7 19. Rfc1 Raa8 20. Rc4 Rfc8 21. Rbc1 Rxc4 22. Qxc4 Bf8 23. h4 b5 24. Qc6 Qxc6 25. dxc6 bxa4 26. bxa4 f6 27. Bd2 Kf7 28. c7 Rc8 29. Bxa5 Ke8 30. Bb6 Kd7 1/2-1/2

[Event "POL-chT 50th"]
[Site "Lubniewice"]
[Date "1994.??.??"]
[Round "4"]
[White "Kaldus, Adam"]
[Black "Mazul, Waldemar"]
[Result "0-1"]
[WhiteElo "2205"]
[BlackElo "2330"]
[PlyCount "110"]
[EventDate "1994.09.22"]
[EventType "team-tourn"]
[EventRounds "11"]
[EventCountry "POL"]
[SourceTitle "EXT 2019"]
[Source "ChessBase"]
[SourceDate "2018.10.10"]
[SourceVersion "1"]
[SourceVersionDate "2018.10.10"]
[SourceQuality "1"]
[WhiteTeam "Glogow MOK Chrobry"]
[BlackTeam "Gdansk Gedania"]
[WhiteTeamCountry "POL"]
[BlackTeamCountry "POL"]

1. d4 d5 2. c4 c6 3. Nf3 Nf6 4. e3 e6 5. Qc2 Nbd7 6. Nc3 Bd6 7. Be2 0-0 8. 0-0 dxc4 9. Bxc4 e5 10. h3 Qe7 11. dxe5 Nxe5 12. Nxe5 Qxe5 13. f4 Qc5 14. Bd3 Re8 15. Qf2 Bf5 16. Bxf5 Qxf5 17. Bd2 Bc5 18. Rfe1 Qc2 19. Rac1 Qd3 20. Rcd1 Rad8 21. Bc1 Qc4 22. Kh2 Ne4 23. Nxe4 Qxe4 24. Qe2 h6 25. b3 Bb6 26. Kh1 Rxd1 27. Qxd1 Rd8 28. Qe2 f5 29. Bb2 Rd3 30. Bd4 Bxd4 31. exd4 Rxd4 32. Qxe4 Rxe4 33. Rf1 Re2 34. a4 Kf7 35. Rf3 Ke6 36. Kh2 a6 37. Rg3 Kf6 38. Rd3 Re4 39. Kg3 Ke6 40. Kf3 b5 41. axb5 axb5 42. g4 g6 43. Rd8 Rb4 44. Rd3 c5 45. Re3+ Kd6 46. gxf5 gxf5 47. Kg3 Rd4 48. Rf3 b4 49. Kh4 Kd5 50. Kh5 Ke4 51. Rf1 Rd3 52. h4 Rxb3 53. Kxh6 c4 54. h5 Rg3 55. Kh7 b3 0-1

[Event "POL-chT 50th"]
[Site "Lubniewice"]
[Date "1994.??.??"]
[Round "9"]
[White "Mazul, Waldemar"]
[Black "Goj, Artur"]
[Result "1/2-1/2"]
[WhiteElo "2330"]
[BlackElo "2295"]
[PlyCount "87"]
[EventDate "1994.09.22"]
[EventType "team-tourn"]
[EventRounds "11"]
[EventCountry "POL"]
[SourceTitle "EXT 2019"]
[Source "ChessBase"]
[SourceDate "2018.10.10"]
[SourceVersion "1"]
[SourceVersionDate "2018.10.10"]
[SourceQuality "1"]
[WhiteTeam "Gdansk Gedania"]
[BlackTeam "Swietochlowice Slask"]
[WhiteTeamCountry "POL"]
[BlackTeamCountry "POL"]

1. Nf3 Nf6 2. c4 e6 3. g3 b6 4. Bg2 Bb7 5. 0-0 Be7 6. Nc3 0-0 7. b3 d5 8. cxd5 Nxd5 9. Bb2 c5 10. Nxd5 Bxd5 11. Qc2 Nd7 12. d4 Rc8 13. e4 cxd4 14. Qe2 d3 15. Qxd3 Nc5 16. Qd4 Bf6 17. e5 Be7 18. Qe3 Qd7 19. Rfd1 Qb7 20. Bd4 h6 21. Qe2 Rfd8 22. Bxc5 Bxc5 23. Rac1 Rd7 24. Ne1 Rcd8 25. Bxd5 Rxd5 26. Rxd5 Qxd5 27. Nf3 a5 28. Rc2 Qd1+ 29. Kg2 Qxe2 30. Rxe2 Bb4 31. Re4 Rc8 32. Nd4 Rc3 33. Re2 Bc5 34. Nb5 Rd3 35. f4 Kf8 36. Rc2 Ke7 37. Nc3 Kd7 38. Ne4 Be7 39. Kf2 f5 40. exf6 gxf6 41. Ke2 Rd5 42. Rd2 Kc6 43. Rxd5 Kxd5 44. Kd3 1/2-1/2

[Event "POL-chT 50th"]
[Site "Lubniewice"]
[Date "1994.??.??"]
[Round "1"]
[White "Mazul, Waldemar"]
[Black "Kurlenda, Adam"]
[Result "1-0"]
[WhiteElo "2330"]
[BlackElo "2225"]
[PlyCount "53"]
[EventDate "1994.09.22"]
[EventType "team-tourn"]
[EventRounds "11"]
[EventCountry "POL"]
[SourceTitle "EXT 2019"]
[Source "ChessBase"]
[SourceDate "2018.10.10"]
[SourceVersion "1"]
[SourceVersionDate "2018.10.10"]
[SourceQuality "1"]
[WhiteTeam "Gdansk Gedania"]
[BlackTeam "Bydgoszcz Chemik"]
[WhiteTeamCountry "POL"]
[BlackTeamCountry "POL"]

1. Nf3 Nf6 2. c4 g6 3. g3 c6 4. Bg2 d5 5. 0-0 Bg7 6. Qb3 0-0 7. d4 Ne4 8. Nc3 e6 9. Bf4 Nd7 10. Rad1 f5 11. cxd5 cxd5 12. Rc1 a6 13. h4 h6 14. Rc2 Kh7 15. Rfc1 Bf6 16. Ne5 g5 17. hxg5 hxg5 18. Nxe4 fxe4 19. Nxd7 Bxd7 20. Bd6 Rf7 21. Qxb7 Bxd4 22. e3 Ra7 23. Bxe4+ Kh6 24. Qb4 Bg7 25. Bd3 Qf6 26. f4 Bb5 27. Rh2# 1-0

[Event "POL-chT 50th"]
[Site "Lubniewice"]
[Date "1994.??.??"]
[Round "6"]
[White "Mazul, Waldemar"]
[Black "Panczyk, Krzysztof"]
[Result "1/2-1/2"]
[WhiteElo "2320"]
[BlackElo "2400"]
[PlyCount "21"]
[EventDate "1994.09.22"]
[EventType "team-tourn"]
[EventRounds "11"]
[EventCountry "POL"]
[SourceTitle "EXT 2019"]
[Source "ChessBase"]
[SourceDate "2018.10.10"]
[SourceVersion "1"]
[SourceVersionDate "2018.10.10"]
[SourceQuality "1"]
[WhiteTeam "Gdansk Gedania"]
[BlackTeam "Warszawa Polonia"]
[WhiteTeamCountry "POL"]
[BlackTeamCountry "POL"]

1. Nf3 Nf6 2. c4 e6 3. g3 d5 4. Bg2 dxc4 5. Qa4+ Nbd7 6. Qxc4 c5 7. 0-0 b6 8. Nc3 Bb7 9. d4 a6 10. a4 Rc8 11. Bf4 1/2-1/2

[Event "POL-chT 50th"]
[Site "Lubniewice"]
[Date "1994.??.??"]
[Round "8"]
[White "Mazul, Waldemar"]
[Black "Weglarz, Leszek"]
[Result "1/2-1/2"]
[WhiteElo "2320"]
[BlackElo "2375"]
[PlyCount "23"]
[EventDate "1994.09.22"]
[EventType "team-tourn"]
[EventRounds "11"]
[EventCountry "POL"]
[SourceTitle "EXT 2019"]
[Source "ChessBase"]
[SourceDate "2018.10.10"]
[SourceVersion "1"]
[SourceVersionDate "2018.10.10"]
[SourceQuality "1"]
[WhiteTeam "Gdansk Gedania"]
[BlackTeam "Poznan Pocztowiec"]
[WhiteTeamCountry "POL"]
[BlackTeamCountry "POL"]

1. Nf3 Nf6 2. c4 e6 3. g3 d5 4. Bg2 Be7 5. d4 0-0 6. Qb3 Nc6 7. cxd5 exd5 8. 0-0 Na5 9. Qc2 Nc4 10. Nc3 Nd6 11. Ne5 c6 12. Bf4 1/2-1/2

[Event "Polanica Zdroj op"]
[Site "Polanica Zdroj"]
[Date "1991.??.??"]
[Round "?"]
[White "Kveinys, Aloyzas"]
[Black "Mazul, Waldemar"]
[Result "1-0"]
[WhiteElo "2435"]
[BlackElo "2370"]
[PlyCount "95"]
[EventDate "1991.??.??"]
[EventType "swiss"]
[EventRounds "9"]
[EventCountry "POL"]
[SourceTitle "EXT 1997"]
[Source "ChessBase"]
[SourceDate "1996.11.15"]
[SourceVersion "1"]
[SourceVersionDate "1996.11.15"]
[SourceQuality "1"]

1. e4 c5 2. Nf3 g6 3. c3 Bg7 4. d4 Qc7 5. Be2 d6 6. h3 Nd7 7. Bf4 e5 8. dxe5 dxe5 9. Bg5 Ngf6 10. Nbd2 0-0 11. 0-0 b6 12. Re1 Bb7 13. Bc4 a6 14. a4 Bc6 15. Qb3 Qb7 16. Bxf6 Bxf6 17. Bd5 Rad8 18. c4 Rfe8 19. Nb1 Bxd5 20. cxd5 Rb8 21. Nc3 Rec8 22. Nd2 Be7 23. Nc4 Qc7 24. Qd1 Bd6 25. Qe2 Ra8 26. h4 Re8 27. h5 Nf6 28. hxg6 hxg6 29. g3 Kg7 30. Kg2 Rh8 31. Rh1 Be7 32. Rad1 Rxh1 33. Rxh1 Rh8 34. Rxh8 Kxh8 35. Qd3 Ne8 36. d6 Bxd6 37. Nd5 Qc6 38. Ncxb6 Qb7 39. Nc4 Qc6 40. b3 Kg7 41. f3 Bc7 42. Nxc7 Qxc7 43. Qd5 Kf6 44. Qa8 Qd7 45. Qxa6+ Ke7 46. a5 Qd3 47. Qa7+ Kf6 48. Qxf7+ 1-0

[Event "POL-chT 46th play-off"]
[Site "Bydgoszcz"]
[Date "1990.09.23"]
[Round "2"]
[White "Mazul, Waldemar"]
[Black "Przedmojski, Rafal"]
[Result "0-1"]
[WhiteElo "2375"]
[BlackElo "2260"]
[PlyCount "140"]
[EventDate "1990.09.22"]
[EventType "team-k.o."]
[EventRounds "3"]
[EventCountry "POL"]
[SourceTitle "EXT 2019"]
[Source "ChessBase"]
[SourceDate "2018.10.10"]
[SourceVersion "1"]
[SourceVersionDate "2018.10.10"]
[SourceQuality "1"]
[WhiteTeam "Gryfow Slaski Hetman"]
[BlackTeam "Warszawa AZS UW"]
[WhiteTeamCountry "POL"]
[BlackTeamCountry "POL"]

1. e4 e5 2. Nf3 Nc6 3. Bc4 Nf6 4. d3 h6 5. c3 d6 6. 0-0 g6 7. d4 Qe7 8. dxe5 dxe5 9. Qe2 Be6 10. Bb5 Bd7 11. a4 a6 12. Bd3 Nh5 13. g3 Qf6 14. Nh4 Nf4 15. Bxf4 exf4 16. e5 Qe7 17. Re1 Bg7 18. e6 Bxe6 19. Na3 Ne5 20. Be4 0-0 21. Bxb7 Rab8 22. Be4 Bg4 23. Qc2 g5 24. Nc4 fxg3 25. Nxe5 gxh2+ 26. Kh1 Bxe5 27. Bf3 Bc8 28. Nf5 Qf6 29. Be4 Bf4 30. Ne7+ Kh8 31. Nd5 Qd6 32. c4 Be6 33. Bg2 Bxd5 34. cxd5 Be5 35. Qf5 Bxb2 36. Rab1 Rb4 37. Be4 Qg6 38. Qf3 Qg7 39. Re2 a5 40. Bc2 Qc3 41. Qf5 Qg7 42. Rbe1 Rf4 43. Qd3 Rd4 44. Qf5 Rf4 45. Qd3 Qg6 46. Qb5 Qb6 47. Qd3 f5 48. Re8 Rxe8 49. Rxe8+ Kh7 50. Qe2 Bg7 51. Re7 Rxf2 52. Rxg7+ Kxg7 53. Qe7+ Kg6 54. Qe8+ Kf6 55. Qh8+ Ke7 56. Qg7+ Kd6 57. Qf6+ Kxd5 58. Be4+ Kc4 59. Bd3+ Kb3 60. Bc2+ Ka2 61. Bb3+ Ka3 62. Qa1+ Kb4 63. Qe1+ Rd2 64. Qxd2+ Kxb3 65. Qd1+ Kb4 66. Qb1+ Kxa4 67. Qa2+ Kb5 68. Qe2+ Kc6 69. Qf3+ Kd6 70. Qd3+ Ke6 0-1

[Event "POL-chT 2nd League A"]
[Site "Gdynia"]
[Date "1982.??.??"]
[Round "?"]
[White "Pinkas, Karol"]
[Black "Mazul, Waldemar"]
[Result "1-0"]
[WhiteElo "2380"]
[BlackElo "2310"]
[PlyCount "61"]
[EventDate "1982.12.03"]
[EventType "team-tourn"]
[EventRounds "9"]
[EventCountry "POL"]
[SourceTitle "EXT 2001"]
[Source "ChessBase"]
[SourceDate "2000.11.22"]
[SourceVersion "1"]
[SourceVersionDate "2000.11.22"]
[SourceQuality "1"]

1. e4 e5 2. Nf3 Nc6 3. Bb5 a6 4. Ba4 Nf6 5. 0-0 b5 6. Bb3 Be7 7. Re1 0-0 8. d4 d6 9. c3 Bg4 10. d5 Na5 11. h3 Bd7 12. Bc2 Qc8 13. Nbd2 c6 14. dxc6 Bxc6 15. Nf1 Rd8 16. Ng3 d5 17. Nxe5 dxe4 18. Qe2 Bd5 19. Nxe4 Qb7 20. Nxf6+ Bxf6 21. Ng4 Qc6 22. Qd3 g6 23. Nxf6+ Qxf6 24. Qg3 Re8 25. Be3 Qc6 26. Bd4 Nc4 27. b3 Nd2 28. Qf4 Ne4 29. Re3 Re6 30. f3 Nc5 31. Qh6 1-0